000
00288nam a2200109Ia 4500
008
190216s9999||||xx |||||||||||||| ||und||
100
_a
James Martin
245
0
_a
Principles Of Data Base Management
260
_b
Calicut University Central Co-Operative
_c
2000
300
_a
345p
942
_c
BK
999
_c
6151
_d
6151